Conts d' un cabanyaler / (Record no. 108889)

MARC details
000 -LEADER
campo de control de longitud fija 00534nam a2200169 4500
001 - NÚMERO DE CONTROL
campo de control 108889
003 - IDENTIFICADOR DE NÚMERO DE CONTROL
campo de control ES-MaACL
005 - FECHA Y HORA DE LA ÚLTIMA TRANSACCIÓN
campo de control 20230906184731.0
007 - CAMPO FIJO DE DESCRIPCIÓN FÍSICA--INFORMACIÓN GENERAL
campo de control de longitud fija t|
008 - DATOS DE LONGITUD FIJA--INFORMACIÓN GENERAL
campo de control de longitud fija 061121s1970 sp r ||||1| val d
100 1# - ENTRADA PRINCIPAL--NOMBRE DE PERSONA
Nombre de persona Monzo Expósito, Vicente.
9 (RLIN) 82773
245 10 - MENCIÓN DEL TÍTULO
Título Conts d' un cabanyaler /
Mención de responsabilidad, etc. Vicente Monzo Exposito ; próleg de E. Soler Godes.
260 ## - PUBLICACIÓN, DISTRIBUCIÓN, ETC.
Lugar de publicación, distribución, etc. Valencia :
Nombre del editor, distribuidor, etc. [s.n.],
Fecha de publicación, distribución, etc. 1970 (
Fabricante Suc. de Vives Mora)
300 ## - DESCRIPCIÓN FÍSICA
Extensión 102 p. :
Otras características físicas il ;
Dimensiones 19 cm.
700 1# - ENTRADA AGREGADA--NOMBRE PERSONAL
Nombre de persona Soler Godes, Enric.
9 (RLIN) 107177
852 ## - LOCALIZACIÓN
Ubicación ES-MaACL
Número de control de estantería C-49674
Sublocalización o colección R.75785
Holdings
Estatus retirado Estado de pérdida Estado de daño No para préstamo Biblioteca de origen Biblioteca actual Ubicación en estantería Fecha de adquisición Fuente de adquisición Total de préstamos Signatura topográfica completa Código de barras Visto por última vez Precio de reemplazo Tipo de ítem Koha
        Biblioteca del Ateneo de Madrid Biblioteca del Ateneo de Madrid Depósito 2 17/01/2008     C-49674 1113621 23/02/2023 23/02/2023 Libro impreso